000 00491nam a2200169Ia 4500
005 20250508161645.0
008 008 250505s9999 xx 000 0 eng d
037 _aTextual
040 _aFEDL
_beng
_cFEDL
041 _aeng
_2eng
084 _a692.1, BUT
_qFEDL
245 0 _aBuilding trades blueprint reading and sketching: Basic course
260 _aAlbany
_bDelmar Publishers Inc
_c1952
300 _aix,193p
942 _cTEXL
_h692.1, BUT
999 _c1371377
_d1371377